|
|
|
|
| LEADER |
00000nam0a2200000 4500 |
| 001 |
200267 |
| 005 |
20231031184630.0 |
| 010 |
|
|
|a 5247010124
|
| 035 |
|
|
|a (RuTPU)RU\TPU\book\218328
|
| 090 |
|
|
|a 200267
|
| 100 |
|
|
|a 20110903d1990 km y0rusy50 ca
|
| 101 |
0 |
|
|a rus
|
| 102 |
|
|
|a RU
|
| 105 |
|
|
|a a z 001zy
|
| 200 |
1 |
|
|a Организация и управление строительством шахт
|f В. Т. Сапронов, Н. И. Сирота, Б. С. Амурский
|
| 210 |
|
|
|a Москва
|c Недра
|d 1990
|
| 215 |
|
|
|a 205 с.
|c ил.
|
| 320 |
|
|
|a Библиогр.: с. 201.
|
| 610 |
1 |
|
|a шахты
|
| 610 |
1 |
|
|a строительство
|
| 610 |
1 |
|
|a организация
|
| 610 |
1 |
|
|a управление
|
| 610 |
1 |
|
|a подготовка
|
| 610 |
1 |
|
|a экономическая эффективность
|
| 610 |
1 |
|
|a заказчики
|
| 610 |
1 |
|
|a проектировщики
|
| 610 |
1 |
|
|a функции
|
| 675 |
|
|
|a 622.333.012.2:69
|v 3
|
| 700 |
|
1 |
|a Сапронов
|b В. Т.
|g Виталий Тихонович
|
| 701 |
|
1 |
|a Сирота
|b Н. И.
|g Наум Исаевич
|
| 701 |
|
1 |
|a Амурский
|b Б. С.
|g Бронислав Степанович
|
| 801 |
|
1 |
|a RU
|b 63413507
|c 20110903
|
| 801 |
|
2 |
|a RU
|b 63413507
|c 20110912
|g RCR
|
| 942 |
|
|
|c BK
|